Trattato delle virtù

Guardado en:
Detalles Bibliográficos
Autor principal: Platón (Autor)
Formato: Libro
Lenguaje:italiano
Publicado: Milán Bompiani 2010
Colección:Testo Greco a Fronte, 134
Materias:
Etiquetas: Agregar Etiqueta
Sin Etiquetas, Sea el primero en etiquetar este registro!

MARC

LEADER 00000cam a2200000 a 4500
001 UCF2883
003 CL-VaPUC
008 120910e20100000IT |||||||||||||||||ita|d
020 |a 9788845265945 
082 0 4 |a 179.9  |b PLA  |2 21 
100 0 |a Platón  |e author  |9 222 
245 1 0 |a Trattato delle virtù 
300 |a 738 p 
942 |c BK 
945 |d 20120910 00:00:00  |a dcastane 
260 |a Milán  |b Bompiani  |c 2010 
650 0 |a Virtud  |9 315987 
650 0 |a Virtudes  |9 309526 
650 0 |a Virtudes morales  |9 401916 
650 0 |a Virtudes religiosas  |9 399248 
583 |a last modification  |c 20120914 11:58:06  |k Rodrigo Vera 
490 0 |a Testo Greco a Fronte, 134 
999 |c 349421  |d 349419 
952 |0 0  |1 0  |4 0  |6 179_900000000000000_PLA_2010  |7 0  |8 A  |9 452032  |a BIBEDU  |b BIBEDU  |d 2019-11-22  |i 4902459  |o 179.9 PLA 2010  |p 4902459  |r 2019-11-22  |w 2019-11-22  |y BK  |k FIL